| Tag |
First Indicator |
Second Indicator |
Subfields |
| LEADER |
00000nam a2200000 i 4500 |
| 001 |
in00004564821 |
| 003 |
OCoLC |
| 005 |
20220401145519.5 |
| 006 |
m o d |
| 007 |
cr cnu---unuuu |
| 008 |
211208s2022 enk of 000 0 eng d |
| 024 |
8 |
|
|a 99990400956
|
| 040 |
|
|
|a YDX
|b eng
|e rda
|e pn
|c YDX
|d N$T
|d UKAHL
|d N$T
|d OPELS
|d YDX
|d OCLCO
|d OCLCF
|d OCLCO
|d OCLCQ
|
| 019 |
|
|
|a 1287616964
|a 1287676613
|a 1287896894
|a 1289797271
|
| 020 |
|
|
|a 9780323856034
|q (electronic book)
|
| 020 |
|
|
|a 0323856039
|q (electronic book)
|
| 020 |
|
|
|a 9780323856027
|q (electronic book)
|
| 020 |
|
|
|a 0323856020
|q (electronic book)
|
| 035 |
|
|
|a (OCoLC)1287921975
|z (OCoLC)1287616964
|z (OCoLC)1287676613
|z (OCoLC)1287896894
|z (OCoLC)1289797271
|
| 050 |
|
4 |
|a S661
|b .C66 2022
|
| 082 |
0 |
4 |
|a 631.8/75
|2 23
|
| 245 |
0 |
4 |
|a The composting handbook :
|b a how-to and why manual for farm, municipal, institutional and commercial composters /
|c editor, Robert Rynk.
|
| 264 |
|
1 |
|a London, United Kingdom ;
|a San Diego, CA :
|b Elsevier Academic Press,
|c [2022]
|
| 300 |
|
|
|a 1 online resource.
|
| 336 |
|
|
|a text
|b txt
|2 rdacontent
|
| 337 |
|
|
|a computer
|b c
|2 rdamedia
|
| 338 |
|
|
|a online resource
|b cr
|2 rdacarrier
|
| 650 |
|
0 |
|a Compost
|v Handbooks, manuals, etc.
|
| 650 |
|
6 |
|a Compost
|v Guides, manuels, etc.
|
| 650 |
|
7 |
|a Compost.
|2 fast
|0 (OCoLC)fst00871782
|
| 655 |
|
7 |
|a Electronic books.
|2 local
|
| 700 |
1 |
|
|a Rynk, Robert.
|
| 710 |
2 |
|
|a ProQuest (Firm)
|
| 776 |
1 |
8 |
|i Print version:
|z 9780323856034
|
| 776 |
1 |
8 |
|i Print version:
|z 0323856020
|z 9780323856027
|w (OCoLC)1227382644
|
| 856 |
4 |
0 |
|u https://ebookcentral.proquest.com/lib/tamucs/detail.action?docID=6821796
|z Connect to the full text of this electronic book
|t 0
|
| 945 |
|
|
|b 263532
|
| 955 |
|
|
|a YBP purchased DDA e-records
|
| 980 |
|
|
|b ebook
|c 99990400956
|f NONFIC/S
|g 565701
|k USD
|m 225.00
|q 1
|s AcqMono Conventional
|t Demand driven acquisitions (DDA)
|u Vendor order reference number
|v ZYBP
|y PDA
|z Electronic resource
|
| 999 |
f |
f |
|i 29fbb900-806e-4003-8edb-5335a2f404be
|s 2047bc74-59bd-44b2-b349-989d7ec1575f
|t 0
|
| 952 |
f |
f |
|a Texas A&M University
|b College Station
|c Electronic Resources
|s www_evans
|d Available Online
|t 0
|e S661 .C66 2022
|h Library of Congress classification
|